La poética del trujillismo : (Registro nro. 15196)

Detalles MARC
000 -CABECERA
campo de control de longitud fija 01783nam a2200325 a 4500
001 - NÚMERO DE CONTROL
campo de control 000048252
003 - IDENTIFICADOR DEL NÚMERO DE CONTROL
campo de control DO-SdBPM
005 - FECHA Y HORA DE LA ÚLTIMA TRANSACCIÓN
campo de control 20250623115841.0
007 - CAMPO FIJO DE DESCRIPCIÓN FÍSICA--INFORMACIÓN GENERAL
campo de control de longitud fija ta
008 - DATOS DE LONGITUD FIJA--INFORMACIÓN GENERAL
campo de control de longitud fija 181210s2016 dr a 000 m spa d
020 ## - NÚMERO INTERNACIONAL ESTÁNDAR DEL LIBRO
Número Internacional Estándar del Libro 9789945581874
040 ## - FUENTE DE LA CATALOGACIÓN
Centro catalogador/agencia de origen DO-SdBPM
Lengua de catalogación spa
Centro/agencia transcriptor BPMSU
Normas de descripción rda
Centro/agencia modificador
082 #4 - NÚMERO DE LA CLASIFICACIÓN DECIMAL DEWEY
Número de clasificación 808.1
Número de documento/Ítem S487p 2016
Número de edición 22
100 1# - ENTRADA PRINCIPAL--NOMBRE DE PERSONA
Nombre de persona Serrata, Médar,
Fechas asociadas al nombre 1964-
Término indicativo de función/relación autor
245 13 - MENCIÓN DE TÍTULO
Título La poética del trujillismo :
Resto del título épica y romance en el discurso de "la Era" /
Mención de responsabilidad, etc. Médar Serrata
264 ## - PRODUCCIÓN, PUBLICACIÓN, DISTRIBUCIÓN, FABRICACIÓN Y COPYRIGHT
Producción, publicación, distribución, fabricación y copyright San Juan, Puerto Rico :
Nombre del de productor, editor, distribuidor, fabricante Editorial Isla Negra,
Fecha de producción, publicación, distribución, fabricación o copyright 2016
300 ## - DESCRIPCIÓN FÍSICA
Extensión 280 páginas . :
Dimensiones 22 cm.
336 ## - TIPO DE CONTENIDO
Término de tipo de contenido texto
Código de tipo de contenido txt
Fuente rdacontent
337 ## - TIPO DE MEDIO
Nombre/término del tipo de medio sin mediación
Código del tipo de medio n
Fuente rdamedia
338 ## - TIPO DE SOPORTE
Nombre/término del tipo de soporte volumen
Código del tipo de soporte nc
Fuente rdacarrier
490 0# - MENCIÓN DE SERIE
Mención de serie Visiones y cegueras
500 ## - NOTA GENERAL
Nota general Incluye datos biográficos del autor en la solapa de la cubierta
504 ## - NOTA DE BIBLIOGRAFÍA, ETC.
Nota de bibliografía, etc. Bibliografía : páginas. 249-266
505 0# - NOTA DE CONTENIDO CON FORMATO
Nota de contenido con formato Agradecimiento --
Título Prólogo --
-- Introducción --
-- Los poetas trujillistas --
-- Como intérpretes de la historia --
-- Las normas de la épica trujillista --
-- Del Génesis a la Patria Nueva --
Información miscelánea Capítulo 1
Título De la historia como ciencia a la historia como sentimiento: los dos enriquillos de Manuel Arturo Pena Baille --
Información miscelánea Capítulo 2
Título Borrar y preservar: Joaquin Balaguer y la monumentalización de la violencia --
Información miscelánea Capítulo 3
Título Hacia una épica de los vencidos: Tomás Hernandez Franco y el origen de la raza mulata" --
Información miscelánea Capítulo 4
Título En los márgenes de la modernidad: Ramon Marrero Aristy, o las tribulaciones del romance --
Información miscelánea Epílogo --
Título La permanencia de la épica --
-- Índice general.
590 ## - NOTA LOCAL (RLIN)
Nota local Inventariado, 2025/VM
650 #7 - PUNTO DE ACCESO ADICIONAL DE MATERIA--TÉRMINO DE MATERIA
Término de materia o nombre geográfico como elemento de entrada Análisis del discurso
650 #7 - PUNTO DE ACCESO ADICIONAL DE MATERIA--TÉRMINO DE MATERIA
Término de materia o nombre geográfico como elemento de entrada Literatura dominicana
Subdivisión general Historia y crítica.
910 ## - DATOS DE OPCIÓN DEL USUARIO (OCLC)
Datos de opción del usuario VMateo V. Control de calidad. BPMSU
942 ## - ELEMENTOS DE PUNTO DE ACCESO ADICIONAL (KOHA)
Fuente del sistema de clasificación o colocación Dewey Decimal Classification
Tipo de ítem Koha Libros
Existencias
Estado de retiro Estado de pérdida Fuente del sistema de clasificación o colocación No para préstamo Código de colección Localización permanente Ubicación/localización actual Fecha de adquisición Total de préstamos Signatura topográfica completa Código de barras Fecha visto por última vez Precio válido a partir de Tipo de ítem Koha
    Dewey Decimal Classification   Colección Dominicana Biblioteca Pública Metropolitana Salomé Ureña Biblioteca Pública Metropolitana Salomé Ureña 06/08/2025   BPMSU CD 808.1 S487p 2016 BPMSU25060090 06/23/2025 06/23/2025 Libros